000 00304nam a2200121Ia 4500
005 20251222154330.0
008 251222s9999||||xx |||||||||||||| ||spa||
082 _a630.98/Y89
100 _aYudelman, Montague
245 0 _aEl desarrollo agrycola en Amyrica Latina
264 _bD.F.CEMLA
942 _cLIB
999 _c34105
_d34105